02376nam a22004217a 4500003000400000005001600004007000400020008004100024010001900065024001000084035001900094040001300113092001500126245012300141260012700264300005600391500005000447500004600497500007300543520026000616521008600876538009700962538016101059546004701220600002101267600002301288600001501311600001801326655005001344700000601394710005101400710002601451942002301477999001701500952014501517952014601662952014601808dpl2008090303483.0DVD050907s2005 cau105 g 00| 0 eng d aDVD-000236-238 aOOLO1 aDVD-000236-238 aDPLcDPL aDVD / FLIG aFlightplanh[Video-recording/DVD] /cTouchstone Pictures and Imagine Entertainment Presents, A Brian Grazer Production aBeverly Hills, CA :b20th Century Fox Home Entertainment;a[Boston, MA] :bExcel Productions Audio Visual Pvt. Ltdcc2005. a[1 videodisc DVD] (98 Min.)bsd., col. ;c4-3/4 in. aThe In-Flight Movie: The Making of Flightplan aCabin Pressure: Designing The Aalto E-474 aDistributor in India Excel Production Audiovisuals Pvt. Ltd. Mumbai aAfter exposure to cosmic radiation, four astronauts become the most remarkable, if not most dysfunctional, superheroes of all time. Reed Richards is the leader of the group and gains the ability to stretch all parts of his body, he takes the name Mr. Fant aMPAA rating: PG-13; for sequences of intense action, and some suggestive content. aDolby Digital 5.1,- English, Thai, Subtitles in English,Chinese, Bahasa,Thai, Malay, Korean aAspect Ratio 2:35:1, Presentation Type: Wide Screen, Presentation Size: 16x9, DVD 9 Dual Layer Single Sided Disc Layer Transition May Trigger a Slight Pause aClosed-captioned for the hearing impaired. 2Sarsgaard, Peter 2Christensen, Erika 2Bean, Sean 2Horner, James aDescribed verbally for the visually impaired. a. aTwentieth Century Fox Home Entertainment, Inc. aDVS Home Video (Firm) cCF2ddchDVDmFLIG c15300d15300 00102ddc4070aLbLd2008-09-03ePurchaseg499.00l34m2oDVD FLIGpDVD-000236r2012-12-13 00:00:00s2012-12-03t1v499.00w2008-09-15yCF 00102ddc4070aZLSbZLSd2008-09-03ePurchaseg499.00l39oDVD FLIGpDVD-000237r2014-06-20 00:00:00s2014-06-03t1v499.00w2008-09-15yCF 00102ddc4070aBL1bBL1d2008-09-03ePurchaseg499.00l17oDVD FLIGpDVD-000238r2014-08-16 00:00:00s2014-08-11t1v499.00w2008-09-15yCF